Dalitothan mein Ambedkar gram vikas yojna ka prabhav (Record no. 6314)
[ view plain ]
| 000 -LEADER | |
|---|---|
| fixed length control field | 00462nam a2200157Ia 4500 |
| 020 ## - INTERNATIONAL STANDARD BOOK NUMBER | |
| ISBN | 8170544874939 |
| 082 ## - DEWEY DECIMAL CLASSIFICATION NUMBER | |
| Classification number | 305.8 MIS-D |
| 100 ## - MAIN ENTRY--AUTHOR NAME | |
| Personal name | Mishra, Krishan Kumar |
| 245 #0 - TITLE STATEMENT | |
| Title | Dalitothan mein Ambedkar gram vikas yojna ka prabhav |
| 260 ## - PUBLICATION, DISTRIBUTION, ETC. (IMPRINT) | |
| Place of publication | New Delhi |
| Name of publisher | Classical Publishing |
| Year of publication | 2008 |
| 300 ## - PHYSICAL DESCRIPTION | |
| Number of Pages | 190 |
| 504 ## - BIBLIOGRAPHY, ETC. NOTE | |
| Bibliography, etc | includes bibliography |
| 650 ## - SUBJECT ADDED ENTRY--TOPICAL TERM | |
| Topical Term | Scheduled Castes and Scheduled Tribes |
| Form subdivision | India |
| 650 ## - SUBJECT ADDED ENTRY--TOPICAL TERM | |
| Topical Term | Ambdekar Gramin Vikas Yojana |
| Form subdivision | India |
| 942 ## - ADDED ENTRY ELEMENTS (KOHA) | |
| Koha item type | Books |
| Withdrawn status | Lost status | Damaged status | Not for loan | Collection code | Home library | Current library | Date acquired | Bill Date | Full call number | Accession Number | Price effective from | Koha item type | Public note |
|---|---|---|---|---|---|---|---|---|---|---|---|---|---|
| हिंदी पुस्तकों पर विशेष संग्रह | NASSDOC Library | NASSDOC Library | 18/12/2008 | 2008-09-10 | 305.8 MIS-D | 44853 | 18/04/2019 | Books | हिंदी पुस्तकों पर विशेष संग्रह | ||||
| हिंदी पुस्तकों पर विशेष संग्रह | NASSDOC Library | NASSDOC Library | 18/12/2008 | 2008-09-10 | 305.8 MIS-D | 44854 | 18/04/2019 | Books | हिंदी पुस्तकों पर विशेष संग्रह |
